Surnoms - Harry Potter - Statistiques

Statistiques générales
  • Ce quiz a été pris 57 fois
  • Le résultat moyen est 5 sur 15
Statistiques - réponses
Surnom Personnage % Correct
Romulus Remus Lupin
91%
Sniffle Sirius Black
53%
Dora Nymphadora Tonks
49%
Miss Bégueule Hermione Granger
45%
Roi ouistiti Ron Weasley
43%
Hagger Rubeus Hagrid
36%
Maboul Harry Potter
26%
Tunie Petunia Dursley
23%
Mr Fort-en-Thème Albus Dumbledore
21%
Weezly Arthur Weasley
21%
Popkin Dudley Dursley
21%
Rongeur Fred Weasley
19%
Royal Kingsley Shacklebolt
15%
Rivière Lee Jordan
15%
Gros fossile obèse Horace Slughorn
9%
Aucun quiz correspondant
Distribution des résultats
% des personnes avec chaque résultat
Percentile par nombre de réponses
Votre historique - résultats
Vous n’avez pas pris ce quiz